00829nam a2200253 a 450000100060000000300080000600500170001400800410003102000240007203500190009604000320011504100080014708200250015510000230018024501540020325000120035726000500036930000290041950400500044865000160049865000180051470000240053274000190055667642BD-RjUL20211209081658.0890428s1989 ctua b 000 0 eng  a0918752108:c$12.95 a(BD-RjUL)67851 aDLCcDLCdDLCdBD-RjULbeng aeng00223a745.55bDOB 19891 aDodd, Anne Wescott10aBeachcombing and beachcrafting /cby Anne Wescott Dodd ; edited by Julius M. Wilensky ; all photos by Nancy Lemay ; all line drawings by Don Johnson. a1st ed. aStamford, CT :bWescott Cove Pub. Co.,c1989. a144 p. :bill. ;c23 cm. aIncludes bibliographical references (p. 139). 0aShellcraft. 0aBeachcombing.1 aWilensky, Julius M.0 aBeachcrafting.